Les vainqueurs du ballon d'or depuis 1990 - Statistiques

Statistiques générales
  • Ce quiz a été pris 411 fois
  • Le résultat moyen est 15 sur 23
Answers on the Grid
Answers color-coded by a green-red scale on the quiz's grid according to % correct below.
Ousmane Dembélé
Rodri
Lionel Messi
Cristiano Ronaldo
Karim Benzema
Luka Modrić
Kaká
Fabio Cannavaro
Ronaldinho
Andriy Chevtchenko
Pavel Nedvěd
Ronaldo
Michael Owen
Luís Figo
Rivaldo
Zinedine Zidane
Matthias Sammer
George Weah
Hristo Stoitchkov
Roberto Baggio
Marco Van Basten
Jean-Pierre Papin
Lothar Matthäus
Dennis Bergkamp
Paolo Maldini
David Beckham
Raúl
Jürgen Klinsmann
Thierry Henry
Neymar
 
Statistiques - réponses
Réponse % Correct
Lionel Messi
84%
Cristiano Ronaldo
81%
Karim Benzema
81%
Zinedine Zidane
81%
Luka Modrić
80%
Ousmane Dembélé
78%
Ronaldo
78%
Rodri
77%
Kaká
74%
Ronaldinho
73%
Fabio Cannavaro
65%
Luís Figo
64%
Pavel Nedvěd
64%
George Weah
63%
Andriy Chevtchenko
62%
Jean-Pierre Papin
59%
Marco Van Basten
58%
Rivaldo
57%
Michael Owen
56%
Lothar Matthäus
46%
Roberto Baggio
44%
Hristo Stoitchkov
42%
Matthias Sammer
39%
Aucun quiz correspondant
Distribution des résultats
% des personnes avec chaque résultat
Percentile par nombre de réponses
Votre historique - résultats
Vous n’avez pas pris ce quiz